000 01031nam a2200277 a 4500
001 000023172
005 20200930022032.0
008 101129s1969 mx a 001 0 spa d
040 _aDO-SdBNP
_bspa
_cBNPHU
082 _a625.7
_bO35i
100 1 _aOglesby H., Clarkson
_947705
240 1 0 _aHighway engineering.
_lEspañol
245 1 0 _aIngeniería de carreteras :
_bcalles, viaductos y pasos a desnivel /
_cClarkson H. Oglesby, Laurence I. Hewes ; traducido por Pompeyo Flores B.
260 _aMéxico :
_bContinental,
_c1969.
300 _a858 p. :
_bil. ;
_c23 cm.
504 _aIncluye referencias bibliográficas y notas al pie de las páginas.
500 _aEl primer ejemplar es la cuarta reimpresión del 1976.
534 _pTítulo original en Inglés:
_tHighway engineering.
650 4 _aConstrucción de carreteras
_947706
650 4 _aIngeniería de carreteras
_947707
650 4 _aCalles
_947708
650 4 _aPuentes
_947709
700 1 _aFlores B., Pompeyo,
_etr.
_947710
910 _aWM
049 _aBNGR
999 _c22669
_d22669